La civilisation hellénistique 323-24 av.J.C
Saved in:
| Corporate Authors: | , |
|---|---|
| Format: | Bog |
| Sprog: | fransk |
| Udgivet: |
París
La Documentation Francaise
1960
|
| Serier: | La Documentation Photographique, 55-10
|
| Fag: | |
| Tags: |
Tilføj Tag
Ingen Tags, Vær først til at tagge denne postø!
|
MARC
| LEADER | 00000nam a2200000 a 4500 | ||
|---|---|---|---|
| 001 | UCV9564 | ||
| 003 | CL-VaPUC | ||
| 008 | 921125e19600000FR |||||||||||||||||fre|d | ||
| 082 | 0 | 4 | |a 938 |b DOC |2 21 |
| 110 | 2 | |a Documentation Francaise |e author |9 303587 | |
| 710 | 2 | |a L'Institut Pédagogique National |e author |9 303588 | |
| 245 | 1 | 3 | |a La civilisation hellénistique 323-24 av.J.C |
| 300 | |a 12 p | ||
| 942 | |c BK | ||
| 945 | |d 19921125 00:00:00 | ||
| 260 | |a París |b La Documentation Francaise |c 1960 | ||
| 500 | |a Contiene 12 láminas | ||
| 650 | 0 | |a Helenismo |9 267485 | |
| 583 | |a last modification |c 19921125 00:00:00 |k Rodrigo Vera | ||
| 490 | 0 | |a La Documentation Photographique, 55-10 | |
| 999 | |c 214880 |d 214878 | ||
| 952 | |0 0 |1 0 |4 0 |6 938_000000000000000_DOC_1960 |7 0 |8 A |9 198693 |a BIBARQ |b BIBARQ |d 2019-11-14 |i 2660954 |o 938 DOC 1960 |p 2660954 |r 2025-01-20 |w 2019-11-14 |y BK |k ARQ | ||